000 00538cab a2200193 4500
001 ABS43502
008 090401t1990 xxu||||| |||| 00| 0 eng d
035 _a(Sirsi) u42088
041 _aeng
100 _aBoydell, S.
245 2 _aA creche course for developers
260 _c1990
350 _a0
490 _aShop Property
_vOctober 1990, 10-11(2)
520 _aDiscusses the growing trend for developers to plan a creche for shopping centres .
690 _aPROPERTY-PROPERTY DEVELOPMENT
942 _n0
948 _c04/03/1997
999 _c27037
_d27037